00871nam a2200265 a 4500001001000000003000900010005001700019007001000036008003600046020001800082040002500100082002900125100003700154245007200191246000600263260004500269300002000314490001400334500007100348546003200419586005500451650003400506650003600540650002900576000004526DO-SdBPM20260529100939.0000004526090723s2007 dr a 000 p spa d a9789945856750 aDO-SdBPMbspacBPMSU 4aRD861.44bS211s 20142221 aSánchez Beras, César,d1962-10aSapito Azul y el misterio sonoro /cCésar Sánchez Beras ; b 31a  aSanto Domingo :bEditora Nacional,c2014 a34 p. ;c22 cm.0 aUltramar  aIncluye datos biográficos del autor en la solapa de la cubierta  aTexto en ingles y español aPremio de literatura infantil, Letras de Ultramar  4aPoesía infantil dominicana  4aLiteratura infantil dominicana  4aCertámenes literarios